|
|
|
|
| LEADER |
00000nam0a2200000 4500 |
| 001 |
321316 |
| 005 |
20231102003349.0 |
| 010 |
|
|
|a 9785811421015
|
| 035 |
|
|
|a (RuTPU)RU\TPU\book\346870
|
| 090 |
|
|
|a 321316
|
| 100 |
|
|
|a 20160823d2016 m y0rusy50 ca
|
| 101 |
0 |
|
|a rus
|
| 102 |
|
|
|a RU
|
| 105 |
|
|
|a a j 001zy
|
| 200 |
1 |
|
|a Расчет и проектирование электрогидравлических систем и оборудования транспортно-технологических машин
|e учебник
|f В. В. Лозовецкий [и др.]
|g под ред. В. В. Лозовецкого
|
| 210 |
|
|
|a Санкт-Петербург
|c Лань
|d 2016
|
| 215 |
|
|
|a 419 с.
|c ил.
|
| 225 |
1 |
|
|a Учебники для вузов. Специальная литература
|
| 320 |
|
|
|a Библиогр.: с. 412-415
|
| 330 |
|
|
|a В учебнике в доступной форме представлены основные положения теории электрогидравлических систем и оборудования современных транспортно-технологических машин, используемых в различных отраслях техники, в частности, в лесном комплексе. Рассмотрение теоретических вопросов сопровождается большим количеством примеров решения типовых задач. При этом авторы строго стремились придерживаться правила, чтобы рассматриваемые задачи были снабжены подробными пояснениями, что обеспечит самостоятельнуюработу студентов над последующими аналогичными задачами. Поэтому предлагаемый учебник может быть полезен также студентам-заочникам и студентам дистанционной формы обучения.Учебник предназначен для студентов, бакалавров, магистров, аспирантов, преподавателей и научных работников, специализирующихся в области транспортно-технологических машин и их электротехнического и гидравлического оборудования.
|
| 606 |
1 |
|
|a Гидравлические приводы
|2 stltpush
|3 (RuTPU)RU\TPU\subj\6501
|9 34377
|
| 610 |
1 |
|
|a электрогидравлические системы
|
| 610 |
1 |
|
|a транспортно-технологические машины
|
| 610 |
1 |
|
|a лесное хозяйство
|
| 610 |
1 |
|
|a гидропневмоавтоматика
|
| 610 |
1 |
|
|a исполнительные механизмы
|
| 610 |
1 |
|
|a преобразователи
|
| 610 |
1 |
|
|a преобразователи гидроэлектрические
|
| 610 |
1 |
|
|a электромеханические модули
|
| 610 |
1 |
|
|a гидроприводы
|
| 610 |
1 |
|
|a гидравлические усилители
|
| 610 |
1 |
|
|a робототехнические комплексы
|
| 610 |
1 |
|
|a технологическое оборудование
|
| 610 |
1 |
|
|a измерительные устройства
|
| 610 |
1 |
|
|a пневмогидравлические приводы
|
| 610 |
1 |
|
|a проектирование
|
| 610 |
1 |
|
|a электрогидромеханические системы
|
| 610 |
1 |
|
|a электрические цепи
|
| 610 |
1 |
|
|a захватывающие устройства
|
| 610 |
1 |
|
|a электрические двигатели
|
| 610 |
1 |
|
|a следящие гидроприводы
|
| 610 |
1 |
|
|a учебники
|
| 675 |
|
|
|a 62-83
|v 4
|
| 701 |
|
1 |
|a Лозовецкий
|b В. В.
|g Вячеслав Владимирович
|
| 701 |
|
1 |
|a Комаров
|b Е. Г.
|g Евгений Геннадьевич
|
| 701 |
|
1 |
|a Кольниченко
|b Г. И.
|g Георгий Иванович
|
| 701 |
|
1 |
|a Мурашев
|b В. П.
|g Виктор Петрович
|
| 702 |
|
1 |
|a Лозовецкий
|b В. В.
|g Вячеслав Владимирович
|4 340
|
| 801 |
|
1 |
|a RU
|b 63413507
|c 20160823
|
| 801 |
|
2 |
|a RU
|b 63413507
|c 20161108
|g RCR
|
| 900 |
|
|
|a Технологические машины
|
| 900 |
|
|
|a Технологические машины и оборудование
|
| 942 |
|
|
|c BK
|
| 951 |
|
|
|l 8.1
|l 8.3
|
| 959 |
|
|
|a 51/20160714
|d 2
|e 0
|f ЧЗТЛ:1
|f УФ:1
|